| 000 | 00668nam a2200181Ia 4500 | ||
|---|---|---|---|
| 008 | 170725s9999 xx 000 0 und d | ||
| 100 | _aWoubshet Nema Behutiye | ||
| 245 | _aAnalyzing the concept of technical debt in the context of agile software development: A systematic literature review | ||
| 245 | _cWoubshet Nema Behutiye, Pilar Rodríguez, Markku Oivo, Ayşe Tosun | ||
| 260 | _c2017 | ||
| 300 | _apages 139-58, February | ||
| 440 |
_aInformation and software technology _v82: |
||
| 500 | _aCJ0029 | ||
| 650 | _a Systematic literature review | ||
| 650 | _a Technical debt management | ||
| 650 | _aAgile software development | ||
| 650 | _aTechnical debt | ||
| 999 |
_c340895 _d340895 |
||